00354pab a2200145 454500008004000000100002000040245004600060260000900106300001200115362000800127650001800135650001200153650002700165773001600192180718b2001 xxu||||| |||| 00| 0 eng d aHarcourt, Wendy aWomen's health, poverty and globalization c2001 ap.85-90 aMar aGlobalization aPoverty aWomens health services aDevelopment